000 00706nam a2200229 u 4500
005 20210223130414.0
008 080311s2004 r 000 0 eng d
020 _a970031992X
035 _aUPN01000154991
049 _aI
050 4 _aQL467.2
_bP5.4
100 1 _aPike, Katy
245 0 0 _aInsectos /
_cKaty Pike ; tr. Ma. Andrea Giovine.
260 _aMéxico :
_bCalandria,
_c2004.
300 _a24 p. :
_bil. col.
440 0 _a8+ Lecturas intermedias para niños
500 _a"Serie recomendada para niños de 8 en adelante"
534 _pTraducción de:
_tInsects
650 4 _aINSECTOS -
_vLITERATURA JUVENIL
_95136
650 4 _aINSECTOS -
_vLITERATURA INFANTIL
_911048
905 _aInfantil
999 _c127107
_d127107